Personagens da Bíblia #2 - Statistics

Estatísticas Gerais
  • Esse quiz foi jogado 1 472 vezes
  • A pontuação média é 18 de 26
Estatísticas das Respostas
Dica Personagem % Correto
Primeiro homem Adão
100%
Primeira mulher Eva
100%
Mãe de Jesus Maria
98%
Pai terreno de Jesus José
96%
Primeira vítima de assassinato Abel
94%
Primeiro assassino Caim
94%
Negou a Jesus três vezes Pedro
94%
Homem forte bíblico, cuja força estava nos cabelos Sansão
92%
Patriarca que fez uma aliança com Deus Abraão
83%
Traidora do personagem acima Dalila
83%
Passou uma noite na cova dos leões Daniel
79%
Profeta que ressuscitou dos mortos e subiu aos céus em um redemoinho Elias
67%
Oficial romano que autorizou a crucificação de Jesus Pôncio Pilatos
65%
Viveu até a idade de 969 Matusalém
63%
Primeiro Rei de Israel Saul
62%
Apóstolo dos gentios Paulo
58%
Devoto judeu que foi resgatado da fornalha Mesaque
57%
Devoto judeu que foi resgatado da fornalha Sadraque
57%
Irmão eloquente de Moisés Arão
56%
Profeta ainda mais poderoso que sucedeu o acima citado Eliseu
56%
Davi a viu tomando banho no telhado Bate-Seba
45%
Devoto judeu que foi resgatado da fornalha Abede-Nego
43%
Ela foi transformada em uma estátua de sal Esposa de Ló
43%
Rei babilônico que conquistou Judá Nabucodonosor
42%
Concubina do personagem acima que deu à luz Ismael Agar
39%
Ancestral de Noé que subiu aos céus Enoque
39%
Nenhum quiz correspondente encontrado
Distribuição das Pontuações
Porcentagem de Pessoas com Cada Pontuação
Percentil de Números Respondidos
Sua Pontuação Histórica
Você não jogou esse quiz